| 000 | 00454nam a2200169Ia 4500 | ||
|---|---|---|---|
| 999 |
_c12088 _d12088 |
||
| 003 | OSt | ||
| 005 | 20201005102617.0 | ||
| 008 | 190216s9999||||xx |||||||||||||| ||und|| | ||
| 040 | _coclc | ||
| 082 |
_a823.91 _bGAL/J |
||
| 100 |
_aGallico, Paul _94805 |
||
| 245 | 0 |
_aJennie / _cPaul Gallico |
|
| 260 |
_bLongmans, _c1963. _aLondon: |
||
| 300 | _a268 | ||
| 650 | _aEnglish Stories | ||
| 942 |
_cBK _2ddc _h823.91 _iGAL/J _k823.91 _mGAL/J |
||